000 00865cab a2200241 4500
001 ABS44007
008 090401t1991 xxu||||| |||| 00| 0 eng d
035 _a(Sirsi) u44724
041 _aeng
100 _aCartwright, J.
245 _aProfessional liability: economic or consequential loss
260 _c1991
350 _a0
490 _aEstates Gazette
_v(9101) 12 January 1991, 94-116(2)
520 _aAn increasing number of contractual warranties contain express exclusion of liability for economic and/or consequential loss . With the aid of case law, the author argues why the use of such terms should be avoided.
650 _aABOUT RICS-RICS MEMBERS
650 _aECONOMIC LOSS
650 _aEXCLUSION CLAUSES
650 _aNEGLIGENCE
690 _aMANAGEMENT-BUSINESS MANAGEMENT-PROFESSIONAL PRACTICE
942 _n0
948 _c04/03/1997
999 _c28419
_d28419